Kommunikáció az információs technológia korszakában XVII. magyar alkalmazott nyelvészeti kongresszus

Salvato in:
Dettagli Bibliografici
Ente Autore: Kommunikáció az információs technológia koroszakában. Kongresszus
Altri autori: Sárdi, Csilla
Natura: Libro
Lingua:ungherese
inglese
Pubblicazione: Pécs MANYE 2008
Soggetti:
Tags: Aggiungi Tag
Nessun Tag, puoi essere il primo ad aggiungerne!!

MARC

LEADER 00000nlm$a2200000$$$4500
001 0098859
005 20240109070441.5
020 |a 978-963-06-4512-6 
022 |a 1786-545X 
041 0 |a hun 
041 0 |a eng 
044 |a HU 
245 1 0 |a Kommunikáció az információs technológia korszakában  |b XVII. magyar alkalmazott nyelvészeti kongresszus  |c szerkesztö: Csilla Sárdi 
264 1 |a Pécs  |b MANYE  |c 2008 
300 |a CD-ROM 
610 2 0 |a komunikácia 
610 2 0 |a technológie informačné 
610 2 0 |a jazykoveda 
700 1 |a Sárdi, Csilla 
110 2 |a Kommunikáció az információs technológia koroszakában. Kongresszus